<?xml version="1.0" encoding="UTF-8"?><collection xmlns="info:lc/xmlns/marcxchange-v2"><record format="Unimarc" type="bibliographic"><leader>00663cam  2200229   450 </leader><controlfield tag="001">1897146</controlfield><controlfield tag="003">http://id.bnportugal.gov.pt/bib/porbase/1897146</controlfield><controlfield tag="005">20030524183000.0</controlfield><datafield ind1=" " ind2=" " tag="010"><subfield code="a">0-12-518405-0</subfield></datafield><datafield ind1=" " ind2=" " tag="035"><subfield code="5">91625</subfield></datafield><datafield ind1=" " ind2=" " tag="095"><subfield code="a">PTBN00800923</subfield></datafield><datafield ind1=" " ind2=" " tag="100"><subfield code="a">19950911d1993    k  y0pory0103    ba</subfield></datafield><datafield ind1="0" ind2=" " tag="101"><subfield code="a">eng</subfield></datafield><datafield ind1=" " ind2=" " tag="102"><subfield code="a">US</subfield></datafield><datafield ind1="1" ind2=" " tag="200"><subfield code="a">Usability enginnering</subfield><subfield code="f">Jakob Nielsen</subfield></datafield><datafield ind1=" " ind2=" " tag="210"><subfield code="a">New York</subfield><subfield code="c">Academic Press</subfield><subfield code="d">1993</subfield></datafield><datafield ind1=" " ind2=" " tag="215"><subfield code="a">XIV,358 p.</subfield><subfield code="d">24 cm.</subfield></datafield><datafield ind1=" " ind2=" " tag="675"><subfield code="a">519.68</subfield><subfield code="v">BN</subfield><subfield code="z">por</subfield><subfield code="3">292039</subfield></datafield><datafield ind1=" " ind2=" " tag="675"><subfield code="a">681.3(043.2)</subfield><subfield code="v">BN</subfield><subfield code="z">por</subfield><subfield code="3">300199</subfield></datafield><datafield ind1=" " ind2="1" tag="700"><subfield code="a">Nielsen</subfield><subfield code="b">Jakob</subfield><subfield code="3">623047</subfield></datafield><datafield ind1=" " ind2="0" tag="801"><subfield code="a">PT</subfield><subfield code="b">BN</subfield><subfield code="g">RPC</subfield></datafield><datafield ind1=" " ind2=" " tag="977"><subfield code="1">BCE 681.3</subfield><subfield code="2">coop</subfield><subfield code="4">UMSD</subfield><subfield code="6">mq950025</subfield><subfield code="7">bc</subfield><subfield code="8">coop</subfield><subfield code="9">UMSD</subfield><subfield code="k">0</subfield></datafield><datafield ind1=" " ind2=" " tag="977"><subfield code="1">FMH 18.891</subfield><subfield code="2">coop</subfield><subfield code="4">UTLMH</subfield><subfield code="6">mq950024</subfield><subfield code="7">bc</subfield><subfield code="8">coop</subfield><subfield code="9">UTLMH</subfield><subfield code="b">18.891</subfield><subfield code="k">0</subfield></datafield><datafield ind1=" " ind2=" " tag="998"><subfield code="a">UTM6-3</subfield></datafield></record></collection>